LEADER 05624nam 2201237 450 001 9910811762603321 005 20200520144314.0 010 $a1-4008-4825-3 024 7 $a10.1515/9781400848256 035 $a(CKB)2550000001179395 035 $a(EBL)1561554 035 $a(OCoLC)867317107 035 $a(SSID)ssj0001084901 035 $a(PQKBManifestationID)11583850 035 $a(PQKBTitleCode)TC0001084901 035 $a(PQKBWorkID)11035862 035 $a(PQKB)11325985 035 $a(StDuBDS)EDZ0001059519 035 $a(MdBmJHUP)muse43265 035 $a(DE-B1597)453942 035 $a(OCoLC)973400132 035 $a(OCoLC)979881840 035 $a(DE-B1597)9781400848256 035 $a(Au-PeEL)EBL1561554 035 $a(CaPaEBR)ebr10822887 035 $a(CaONFJC)MIL559534 035 $a(MiAaPQ)EBC1561554 035 $a(EXLCZ)992550000001179395 100 $a20140113d2013 uy 0 101 0 $aeng 135 $aurunu|||||||| 181 $ctxt 182 $cc 183 $acr 200 10$aAgent zero $etoward neurocognitive foundations for generative social science /$fJoshua M. Epstein 205 $aCourse Book 210 1$aPrinceton, New Jersey ;$aOxfodshire, England :$cPrinceton University Press,$d2013. 210 4$d©2013 215 $a1 online resource (268 p.) 225 0 $aPrinceton Studies in Complexity ;$v25 225 0$aPrinceton studies in complexity 300 $aDescription based upon print version of record. 311 $a0-691-15888-6 311 $a1-306-28283-7 320 $aIncludes bibliographical references and index. 327 $tFrontmatter -- $tContents -- $tForeword -- $tPreface -- $tAcknowledgments -- $tIntroduction -- $tPart I. Mathematical Model -- $tPart II. Agent-Based Computational Model -- $tPart III. Extensions -- $tPart IV. Future Research and Conclusion -- $tAppendix I. Threshold Imputation Bounds -- $tAppendix II. Mathematica Code -- $tAppendix III. Agent_Zero NetLogo Source Code -- $tAppendix IV. Parameter Settings for Model Runs -- $tReferences -- $tIndex 330 $aThe Final Volume of the Groundbreaking Trilogy on Agent-Based ModelingIn this pioneering synthesis, Joshua Epstein introduces a new theoretical entity: Agent_Zero. This software individual, or "agent," is endowed with distinct emotional/affective, cognitive/deliberative, and social modules. Grounded in contemporary neuroscience, these internal components interact to generate observed, often far-from-rational, individual behavior. When multiple agents of this new type move and interact spatially, they collectively generate an astonishing range of dynamics spanning the fields of social conflict, psychology, public health, law, network science, and economics.Epstein weaves a computational tapestry with threads from Plato, Hume, Darwin, Pavlov, Smith, Tolstoy, Marx, James, and Dostoevsky, among others. This transformative synthesis of social philosophy, cognitive neuroscience, and agent-based modeling will fascinate scholars and students of every stripe. Epstein's computer programs are provided in the book or on its Princeton University Press website, along with movies of his "computational parables.?Agent_Zero is a signal departure in what it includes (e.g., a new synthesis of neurally grounded internal modules), what it eschews (e.g., standard behavioral imitation), the phenomena it generates (from genocide to financial panic), and the modeling arsenal it offers the scientific community. For generative social science, Agent_Zero presents a groundbreaking vision and the tools to realize it. 410 0$aPrinceton Studies in Complexity 606 $aSocial sciences$xComputer simulation 606 $aSocial sciences$xMathematical models 610 $aAgent_Zero. 610 $aLatané-Darley experiment. 610 $aRescorla-Wagner model. 610 $aaffective component. 610 $aagent-based modeling. 610 $abounded rationality. 610 $acivil violence. 610 $acognitive component. 610 $acognitive neuroscience. 610 $acomputational model. 610 $aconditioning. 610 $aconnection strength. 610 $adisposition. 610 $adispositional contagion. 610 $aeconomics. 610 $aendogenous destructive radii. 610 $aextensions. 610 $aextinction. 610 $afear. 610 $afight vs. flight. 610 $agenerative minimalism. 610 $agenerative social science. 610 $ahealth behavior. 610 $amathematical model. 610 $amemory. 610 $amutual escalation spirals. 610 $amutual escalation. 610 $anetwork science. 610 $anetwork structure. 610 $aneuroscience. 610 $anumerical cartography. 610 $apassions. 610 $aprices. 610 $aprobability estimation. 610 $aprobability. 610 $apublic health. 610 $areason. 610 $areplicability. 610 $asocial component. 610 $asocial conflict. 610 $asocial influence. 610 $asocial philosophy. 610 $asoftware. 610 $atheoretical entity. 615 0$aSocial sciences$xComputer simulation. 615 0$aSocial sciences$xMathematical models. 676 $a300.1 686 $aST 650$2rvk 700 $aEpstein$b Joshua M.$f1951-$0725113 801 0$bMiAaPQ 801 1$bMiAaPQ 801 2$bMiAaPQ 906 $aBOOK 912 $a9910811762603321 996 $aAgent zero$93998781 997 $aUNINA LEADER 01989nam a22004213i 4500 001 991000707299707536 005 20250214131822.0 008 021024s1987 it f er 001|e mul d 020 $a8870481439 035 $ab12043515-39ule_inst 035 $aARCHE-013331$9ExL 040 $aBibl. Dip.le Aggr. Studi Umanistici - Sez. Lingue$bita$dSocioculturale Scs 041 0 $aita$ager 082 04$a914.57504$223 100 1 $aScamardi, Teodoro$0445059 245 13$aLa Puglia nella letteratura di viaggio tedesca :$bJ.H. Riedesel, F.L. Stolberg, F. Gregorovius /$cTeodoro Scamardi 260 $aLecce :$bMilella,$c1987 300 $a159 p., [2] carte di tav. ;$c21 cm 490 1 $aContemporanea ;$v12 500 $aIn appendice: Dai diari inediti di Ferdinand Gregorovius: il secondo viaggio in Puglia, 1875 650 4$aViaggiatori tedeschi$zPuglia$ySec. 18. 650 4$aLetteratura tedesca$ySec. 18.-19. 650 4$aTarantismo 651 4$aPuglia$ySec. 18.$xDescrizioni [e]$xViaggi 700 1 $aGregorovius, Ferdinand 700 1 $aRiedesel, Johann Hermann :$cvon 700 1 $aStolberg, Friedrich Leopold 830 0$aContemporanea ;$v12 907 $a.b12043515$b28-04-17$c01-04-03 912 $a991000707299707536 945 $aLE008 Ist. Glott. X I 33$g1$i2008000469849$lle008$o-$pE0.00$q-$rl$s-$t0$u4$v1$w4$x0$y.i12336178$z01-04-03 945 $aLE012 914.575 SCA$g1$i2012000188594$lle012$o-$pE0.00$q-$rl$s-$t0$u3$v2$w3$x0$y.i12839802$z13-11-03 945 $aLE021 DI9BISB30a$g1$i2021000202223$lle021$o-$pE0.00$q-$rl$s-$t0$u1$v0$w1$x0$y.i11710068$z01-07-02 945 $aLE009 GEOG.14.434-115$g1$i2009000260764$lle009$o-$pE0.00$q-$rn$so$t0$u2$v0$w2$x0$y.i13510344$z19-04-04 945 $aLE019 A 415$g1$i2019000082686$lle019$o-$pE0.00$q-$rl$s-$t0$u0$v0$w0$x0$y.i15430352$z03-07-12 996 $aPuglia nella letteratura di viaggio tedesca$9144007 997 $aUNISALENTO 998 $ale008$ale012$ale021$ale009$ale019$b01-04-03$cm$da$e-$fita$git$h3$i4 LEADER 01117nam0 22002891i 450 001 UON00056222 005 20231205102247.694 100 $a20020107d1977 |0itac50 ba 101 $ahin 102 $aIN 105 $a|||| 1|||| 200 1 $aAdyatana$fSacchidananda Vatsyayana 210 $aDilli$cSarasvati Vihara$d1977 215 $a168 p.$d21 cm 606 $aLingua hindi$xStudi$3UONC001201$2FI 620 $aIN$dNew Delhi$3UONL000110 686 $aSI II IND CC$cSUBCONT. INDIANO - LINGUE INDOARIE - HINDI - STUDI SPECIFICI$2A 700 0$aAJNEYA$3UONV004330$0637868 712 $aSarasvati Vihara$3UONV254919$4650 790 1$aVATSYAYAN, Saccidanand Hiracand$zAJNEYA$3UONV005514 790 1$aAJNEYA, Sacchidananda Hirachanda Vatsyayana$zAJNEYA$3UONV038497 801 $aIT$bSOL$c20250718$gRICA 899 $aSIBA - SISTEMA BIBLIOTECARIO DI ATENEO$2UONSI 912 $aUON00056222 950 $aSIBA - SISTEMA BIBLIOTECARIO DI ATENEO$dSI SI II Ind Cc 074 $eSI SA 13070 5 074 996 $aAdyatana$91148607 997 $aUNIOR